[Event "Kimry Summer op 62nd"]
[Site "Kimry"]
[Date "2012.04.17"]
[Round "8"]
[White "Vetokhin, Dmitry"]
[Black "Brjuhin, Boris"]
[Result "1/2-1/2"]
[WhiteElo "1935"]
[BlackElo "2045"]
[PlyCount "39"]
[EventDate "2012.04.14"]
[EventType "swiss"]
[EventRounds "8"]
[EventCountry "RUS"]
[SourceTitle "EXT 2014"]
[Source "ChessBase"]
[SourceDate "2013.11.20"]
[SourceVersion "1"]
[SourceVersionDate "2013.11.20"]
[SourceQuality "1"]

1. e4 d5 2. e5 c5 3. c3 d4 4. f4 Nc6 5. Bb5 Bd7 6. d3 Nxe5 7. Bxd7+ Nxd7 8. cxd4 cxd4 9. Qa4 e5 10. Nf3 Bc5 11. Nxe5 f6 12. Nxd7 Qxd7 13. Qxd7+ Kxd7 14. Kf2 Ne7 15. Nd2 f5 16. Nb3 Bb6 17. Bd2 Nd5 18. g3 Rac8 19. Rac1 Ne3 20. Rxc8 1/2-1/2

[Event "Kimry Summer op 62nd"]
[Site "Kimry"]
[Date "2012.04.15"]
[Round "4"]
[White "Brjuhin, Boris"]
[Black "Kolpakov, Nikolay Anastasievi"]
[Result "1-0"]
[WhiteElo "2045"]
[BlackElo "2172"]
[PlyCount "79"]
[EventDate "2012.04.14"]
[EventType "swiss"]
[EventRounds "8"]
[EventCountry "RUS"]
[SourceTitle "EXT 2014"]
[Source "ChessBase"]
[SourceDate "2013.11.20"]
[SourceVersion "1"]
[SourceVersionDate "2013.11.20"]
[SourceQuality "1"]

1. e4 c5 2. c3 Nf6 3. e5 Nd5 4. d4 d6 5. f4 cxd4 6. cxd4 Nc6 7. Nc3 Nxc3 8. bxc3 e6 9. Nf3 dxe5 10. fxe5 Be7 11. Bd3 Qa5 12. Bd2 b6 13. 0-0 Ba6 14. Be4 Rc8 15. Rf2 Bc4 16. Qc2 h6 17. a4 0-0 18. g4 Bd5 19. Bh7+ Kh8 20. c4 Nb4 21. Qb1 Bxf3 22. Rxf3 Qa6 23. Bxb4 Bxb4 24. Qxb4 Kxh7 25. Re1 Qb7 26. Qb1+ Kg8 27. Qd3 Rcd8 28. Ref1 Qd7 29. Rf4 Qxa4 30. d5 Qa5 31. Qf3 Qc5+ 32. Rf2 exd5 33. Rxf7 Rxf7 34. Qxf7+ Kh8 35. e6 dxc4 36. e7 Rd1+ 37. Kg2 Qc6+ 38. Qf3 Qxf3+ 39. Kxf3 Re1 40. Re2 1-0

[Event "RUS-ch Seniors"]
[Site "Odintsovo"]
[Date "2011.04.26"]
[Round "8"]
[White "Brjuhin, Boris"]
[Black "Romanov, Mikhail"]
[Result "0-1"]
[WhiteElo "2108"]
[BlackElo "2169"]
[PlyCount "100"]
[EventDate "2011.04.19"]
[EventType "swiss"]
[EventRounds "9"]
[EventCountry "RUS"]
[SourceTitle "CBM 142 Extra"]
[Source "ChessBase"]
[SourceDate "2011.06.27"]
[SourceVersion "1"]
[SourceVersionDate "2011.06.27"]
[SourceQuality "1"]

1. e4 e5 2. Bc4 Nc6 3. Nf3 Be7 4. 0-0 Nf6 5. d3 d6 6. h3 Na5 7. Bb3 Nxb3 8. axb3 0-0 9. Nc3 h6 10. Be3 a6 11. Qd2 Nh7 12. g4 h5 13. Nh2 hxg4 14. hxg4 Be6 15. f3 c6 16. Ne2 d5 17. Qa5 Qd7 18. Qe1 f6 19. Kg2 Kf7 20. Ng3 g6 21. Rh1 Rh8 22. Nhf1 Rag8 23. Kf2 f5 24. exf5 gxf5 25. gxf5 Bxf5 26. Bd2 Bd6 27. Qe3 Nf6 28. Rxh8 Rxh8 29. Ke1 Rg8 30. Nxf5 Qxf5 31. Ra4 Qh3 32. f4 Qxe3+ 33. Bxe3 exf4 34. Bxf4 b5 35. Rxa6 Bxf4 36. Rxc6 Rg2 37. Rc5 Ke6 38. b4 Nd7 39. Rc6+ Kf5 40. d4 Ke4 41. Rc3 Kxd4 42. Kd1 Ke4 43. Rd3 Ne5 44. Nd2+ Bxd2 45. Rxd2 Rxd2+ 46. Kxd2 d4 47. b3 Nc6 48. c4 dxc3+ 49. Kxc3 Ke3 50. Kb2 Kd3 0-1

[Event "RUS-ch Seniors"]
[Site "Odintsovo"]
[Date "2011.04.23"]
[Round "5"]
[White "Nikulin, Vladimir"]
[Black "Brjuhin, Boris"]
[Result "1/2-1/2"]
[WhiteElo "1836"]
[BlackElo "2108"]
[PlyCount "141"]
[EventDate "2011.04.19"]
[EventType "swiss"]
[EventRounds "9"]
[EventCountry "RUS"]
[SourceTitle "CBM 142 Extra"]
[Source "ChessBase"]
[SourceDate "2011.06.27"]
[SourceVersion "1"]
[SourceVersionDate "2011.06.27"]
[SourceQuality "1"]

1. d4 g6 2. e4 Bg7 3. Bc4 e6 4. e5 d6 5. f4 dxe5 6. dxe5 Qxd1+ 7. Kxd1 b6 8. Nf3 Bb7 9. Ke2 Ne7 10. Nc3 a6 11. Be3 Nbc6 12. a3 Rd8 13. Rad1 0-0 14. Rxd8 Rxd8 15. Rd1 Rxd1 16. Nxd1 h6 17. h4 h5 18. Bf2 Nf5 19. c3 Bf8 20. Ne3 Nce7 21. g3 Nxe3 22. Bxe3 c5 23. Ng5 Nd5 24. Bf2 Be7 25. Bd3 Kf8 26. Be4 Bxg5 27. Bxd5 exd5 28. hxg5 Ke7 29. b4 cxb4 30. cxb4 b5 31. Bd4 Ke6 32. Kf2 Kf5 33. Kf3 Bc6 34. Ke3 Kg4 35. Kf2 h4 36. gxh4 Kxf4 37. Ke2 Ke4 38. Bf2 Bd7 39. Bg3 Bf5 40. Kd2 d4 41. Bf2 Kxe5 42. Be1 Kd5 43. Kc1 Kc4 44. Kb2 Kd3 45. Kc1 Ke2 46. Bd2 Kf2 47. Kb2 Kf3 48. Kc1 Ke2 49. Bf4 Be4 50. Bd2 Kd3 51. Be1 Kc4 52. Kb2 Kd5 53. Bg3 Bf5 54. Kc1 Ke4 55. Kd2 Kd5 56. Kc1 Bd3 57. Be1 Ke5 58. Kd2 Bc4 59. Bg3+ Kd5 60. Be1 Bf1 61. Kc2 Kc4 62. Bd2 Bh3 63. Bf4 Bf5+ 64. Kb2 Kd3 65. Bc1 Ke4 66. Bd2 Kf3 67. Kc1 Kg4 68. Be1 Kf4 69. Kd2 Ke5 70. Bg3+ Kd5 71. Kc1 1/2-1/2

[Event "FRA-RUS Seniors"]
[Site "Paris"]
[Date "2010.11.07"]
[Round "9"]
[White "Brjuhin, Boris"]
[Black "Lebel, Patrick"]
[Result "1-0"]
[WhiteElo "2142"]
[BlackElo "2103"]
[PlyCount "62"]
[EventDate "2010.11.06"]
[EventType "team-match"]
[EventRounds "10"]
[EventCountry "FRA"]
[SourceTitle "EXT 2012"]
[Source "ChessBase"]
[SourceDate "2011.11.24"]
[SourceVersion "1"]
[SourceVersionDate "2011.11.24"]
[SourceQuality "1"]

1. e4 Nf6 2. e5 Nd5 3. c4 Nb6 4. d4 d6 5. f4 dxe5 6. fxe5 c5 7. d5 g6 8. Nf3 Bg7 9. Nc3 Bg4 10. Bf4 0-0 11. h3 Bxf3 12. Qxf3 N8d7 13. Qe3 Qb8 14. e6 Ne5 15. Be2 fxe6 16. Rf1 exd5 17. cxd5 Nbd7 18. 0-0-0 Qd8 19. Kb1 Nf7 20. d6 e5 21. Bh2 Nb6 22. Ne4 c4 23. Bg4 Kh8 24. Nc5 Nxd6 25. Ne6 Rxf1 26. Nxd8 Rxd1+ 27. Bxd1 Rxd8 28. Bxe5 Nf5 29. Bxg7+ Kxg7 30. Qe5+ Kf7 31. Bg4 Ne7 1-0

[Event "FRA-RUS Seniors"]
[Site "Paris"]
[Date "2010.11.06"]
[Round "3"]
[White "Labarthe, Arnaud"]
[Black "Brjuhin, Boris"]
[Result "0-1"]
[WhiteElo "1869"]
[BlackElo "2142"]
[PlyCount "108"]
[EventDate "2010.11.06"]
[EventType "team-match"]
[EventRounds "10"]
[EventCountry "FRA"]
[SourceTitle "EXT 2012"]
[Source "ChessBase"]
[SourceDate "2011.11.24"]
[SourceVersion "1"]
[SourceVersionDate "2011.11.24"]
[SourceQuality "1"]

1. e4 c5 2. b3 Nc6 3. Bb2 d6 4. Bb5 Bd7 5. f4 e5 6. Nf3 Nf6 7. d3 Be7 8. 0-0 0-0 9. Bxc6 Bxc6 10. fxe5 Ng4 11. Qe1 d5 12. exd5 Bxd5 13. h3 Nh6 14. Nc3 Bc6 15. Ne4 Nf5 16. Rd1 g6 17. Qf2 b6 18. g4 Nd4 19. Nxd4 cxd4 20. Qxd4 Qxd4+ 21. Bxd4 Rad8 22. Be3 Bxe4 23. dxe4 Kg7 24. Rd5 Rfe8 25. Rfd1 g5 26. Rd7 Kf8 27. R1d5 Rxd7 28. Rxd7 Rc8 29. c4 Ra8 30. a4 Ke8 31. Rb7 h6 32. a5 bxa5 33. Bxa7 Rxa7 34. Rb8+ Bd8 35. Kf2 a4 36. bxa4 Rxa4 37. e6 fxe6 38. c5 Rxe4 39. Kf3 Rf4+ 40. Ke3 Rc4 41. Rb5 Rxc5 42. Rxc5 Bb6 43. Kd4 e5+ 44. Kc4 Bxc5 45. Kxc5 Ke7 46. Kd5 Kf6 47. Kc4 Ke6 48. Kc5 Ke7 49. Kd5 Kf6 50. Kc4 h5 51. Kd3 hxg4 52. hxg4 Ke7 53. Kc4 Kd6 54. Kc3 Kd5 0-1

[Event "Kimry Summer op 45th"]
[Site "Kimry"]
[Date "2009.06.14"]
[Round "7"]
[White "Dobrynina, Aleksandra"]
[Black "Brjuhin, Boris"]
[Result "1-0"]
[WhiteElo "1797"]
[BlackElo "2152"]
[PlyCount "101"]
[EventDate "2009.06.11"]
[EventType "swiss"]
[EventRounds "8"]
[EventCountry "RUS"]
[SourceTitle "EXT 2022"]
[Source "ChessBase"]
[SourceDate "2021.10.06"]
[SourceVersion "1"]
[SourceVersionDate "2021.10.06"]
[SourceQuality "1"]

1. d4 g6 2. c4 Bg7 3. Nc3 d6 4. e4 Nf6 5. f3 0-0 6. Be3 Nc6 7. Bd3 e5 8. d5 Ne7 9. Nge2 Nh5 10. g4 Nf6 11. Qd2 c6 12. 0-0-0 cxd5 13. cxd5 Bxg4 14. fxg4 Nxg4 15. h3 Nxe3 16. Qxe3 f5 17. h4 f4 18. Qf3 h6 19. Kb1 Kh7 20. Ng1 a6 21. Qg2 b5 22. Nf3 b4 23. Na4 b3 24. axb3 Rb8 25. Bc4 Rb4 26. Rc1 Qa5 27. Rc3 Rfb8 28. Qc2 Kg8 29. Rc1 Kf7 30. Qg2 Bf6 31. Qg4 Kg7 32. Qd7 Qd8 33. Qxd8 Rxd8 34. Rg1 Kf7 35. Rc2 Rc8 36. Nc3 Rg8 37. Rcg2 Rgb8 38. Kc2 R4b6 39. Ra1 Rg8 40. Rxa6 Rxa6 41. Bxa6 g5 42. hxg5 hxg5 43. Nh2 Rh8 44. Be2 Rh3 45. Nb5 Nc8 46. Bg4 Rh8 47. Kd3 Be7 48. Nc7 Nb6 49. Ne6 Kf6 50. Nf3 Kg6 51. Bf5+ 1-0

[Event "Dubna-ch"]
[Site "Dubna"]
[Date "2009.02.23"]
[Round "11"]
[White "Sarkhadov, Ibrakhim"]
[Black "Brjuhin, Boris"]
[Result "0-1"]
[WhiteElo "1849"]
[BlackElo "2142"]
[PlyCount "72"]
[EventDate "2009.02.16"]
[EventType "tourn"]
[EventRounds "11"]
[EventCountry "RUS"]
[SourceTitle "EXT 2012"]
[Source "ChessBase"]
[SourceDate "2011.11.24"]
[SourceVersion "1"]
[SourceVersionDate "2011.11.24"]
[SourceQuality "1"]

1. e4 e5 2. Nf3 Nc6 3. Bc4 Bc5 4. c3 d6 5. d4 exd4 6. cxd4 Bb6 7. h3 Nf6 8. Nc3 0-0 9. 0-0 Nxe4 10. Bxf7+ Rxf7 11. Nxe4 h6 12. Be3 d5 13. Nc3 Bf5 14. Qb3 Bxh3 15. Qxd5 Qxd5 16. Nxd5 Rxf3 17. gxf3 Bxf1 18. Nxb6 axb6 19. Kxf1 Rd8 20. Rd1 Kf7 21. a3 g5 22. Ke2 Kg6 23. d5 Ne7 24. d6 Rxd6 25. Rxd6+ cxd6 26. Bxb6 Kf5 27. b4 h5 28. Bd8 Nd5 29. Kd3 h4 30. Ke2 b5 31. Kf1 Nf4 32. Bb6 Ke5 33. Be3 d5 34. Kg1 d4 35. Bd2 Kd5 36. Kh2 Kc4 0-1

[Event "Dubna-ch"]
[Site "Dubna"]
[Date "2009.02.18"]
[Round "3"]
[White "Stepanov, Anatoly"]
[Black "Brjuhin, Boris"]
[Result "0-1"]
[WhiteElo "1785"]
[BlackElo "2142"]
[PlyCount "109"]
[EventDate "2009.02.16"]
[EventType "tourn"]
[EventRounds "11"]
[EventCountry "RUS"]
[SourceTitle "EXT 2012"]
[Source "ChessBase"]
[SourceDate "2011.11.24"]
[SourceVersion "1"]
[SourceVersionDate "2011.11.24"]
[SourceQuality "1"]

1. d4 Nf6 2. Nf3 d5 3. e3 Bg4 4. Be2 e6 5. Nbd2 c5 6. Ne5 Bxe2 7. Qxe2 Nc6 8. Nxc6 bxc6 9. 0-0 Be7 10. c3 0-0 11. Re1 Qc7 12. e4 cxd4 13. cxd4 Qb6 14. e5 Nd7 15. Nf3 c5 16. Be3 Rab8 17. Rab1 Qb5 18. Qxb5 Rxb5 19. dxc5 Bxc5 20. Rec1 Bxe3 21. fxe3 Rc5 22. Rxc5 Nxc5 23. Rc1 Ne4 24. Nd4 h5 25. Rc2 Kh7 26. b4 a6 27. a4 Rb8 28. b5 axb5 29. axb5 f6 30. Rb2 Rb6 31. exf6 gxf6 32. Nc2 Kg6 33. Na3 Kf5 34. Kf1 Ke5 35. Ke2 Nd6 36. Kd3 Nb7 37. Rc2 Kd6 38. Rc8 e5 39. Rh8 Ke6 40. Rxh5 Nd6 41. e4 Nxe4 42. Rh4 Nd6 43. Rb4 f5 44. h3 f4 45. g4 e4+ 46. Ke2 Ke5 47. h4 f3+ 48. Ke3 Rb8 49. b6 Ra8 50. Nb5 Rf8 51. Nd4 Nc4+ 52. Kf2 Kf4 53. b7 e3+ 54. Kf1 f2 55. b8Q+ 0-1

[Event "Dubna-ch"]
[Site "Dubna"]
[Date "2009.02.16"]
[Round "1"]
[White "Brjuhin, Boris"]
[Black "Popov, Alexander"]
[Result "1-0"]
[WhiteElo "2142"]
[BlackElo "2181"]
[PlyCount "87"]
[EventDate "2009.02.16"]
[EventType "tourn"]
[EventRounds "11"]
[EventCountry "RUS"]
[SourceTitle "EXT 2012"]
[Source "ChessBase"]
[SourceDate "2011.11.24"]
[SourceVersion "1"]
[SourceVersionDate "2011.11.24"]
[SourceQuality "1"]

1. e4 g6 2. d4 Bg7 3. f4 c6 4. Nf3 d5 5. e5 Bg4 6. Be3 h5 7. Nbd2 Nh6 8. c3 Nf5 9. Bf2 h4 10. Be2 e6 11. Ng5 Bxe2 12. Qxe2 Nd7 13. Qg4 Qe7 14. Ndf3 c5 15. 0-0 0-0-0 16. Nxh4 Rh6 17. Nxf5 gxf5 18. Qe2 Rdh8 19. h3 f6 20. exf6 Bxf6 21. Be3 Rg8 22. dxc5 e5 23. c6 Nc5 24. Qb5 d4 25. cxb7+ Kb8 26. cxd4 exd4 27. Bd2 Ne4 28. Rfe1 Qg7 29. Bb4 Bxg5 30. Rxe4 Be7 31. Re2 Bxb4 32. Qxb4 d3 33. Rf2 Rg6 34. Kf1 Rb6 35. Qc3 Qg3 36. Kg1 Rbg6 37. Rc1 Kxb7 38. Qb3+ Rb6 39. Qd5+ Kb8 40. Rd1 Qg7 41. Qxf5 Re8 42. Qxd3 Rxb2 43. Rxb2+ Qxb2 44. Rb1 1-0

[Event "Dubna Autumn Rating"]
[Site "Dubna"]
[Date "2008.10.19"]
[Round "8.2"]
[White "Brjuhin, Boris"]
[Black "Sergeev, Vladimir"]
[Result "0-1"]
[WhiteElo "2148"]
[BlackElo "2441"]
[PlyCount "116"]
[EventDate "2008.10.10"]
[EventType "tourn"]
[EventRounds "8"]
[EventCountry "RUS"]
[SourceTitle "EXT 2022"]
[Source "ChessBase"]
[SourceDate "2021.10.06"]
[SourceVersion "1"]
[SourceVersionDate "2021.10.06"]
[SourceQuality "1"]

1. e4 c5 2. Nf3 Nc6 3. Nc3 g6 4. Bc4 Bg7 5. 0-0 e6 6. Re1 d6 7. d3 Nge7 8. a3 0-0 9. Ba2 Rb8 10. Ne2 e5 11. c3 Be6 12. Bxe6 fxe6 13. Ng5 Qd7 14. Qb3 d5 15. f4 h6 16. Nf3 Kh7 17. exd5 exd5 18. h3 b5 19. fxe5 Rxf3 20. gxf3 Nxe5 21. Kg2 Rf8 22. Ng1 Nxd3 23. Rxe7 Qxe7 24. Qxd5 Ne1+ 25. Kf1 Nc2 26. Rb1 Qe1+ 27. Kg2 Qxc1 28. Rxc1 Ne3+ 29. Kg3 Nxd5 30. Rd1 Nb6 31. f4 Rf7 32. Rd2 Rd7 33. Re2 Nc4 34. Nf3 a5 35. h4 a4 36. h5 gxh5 37. f5 Rd3 38. Kf4 b4 39. axb4 cxb4 40. Re7 Rd6 41. cxb4 Nxb2 42. b5 Nd3+ 43. Kg3 Kg8 44. Ra7 Nc5 45. Kf4 Bb2 46. Ne5 Bc1+ 47. Kg3 Rf6 48. Nc6 a3 49. Ne7+ Kf8 50. Kf3 Rf7 51. Ng6+ Kg7 52. b6 Kf6 53. Ke2 Nb7 54. Nh4 Rd7 55. Nf3 Bb2 56. Nd2 Kxf5 57. Nc4 Ke6 58. Nxa3 Kd5 0-1

[Event "Dubna Autumn Rating"]
[Site "Dubna"]
[Date "2008.10.18"]
[Round "7.2"]
[White "Doronine, Vladimir"]
[Black "Brjuhin, Boris"]
[Result "0-1"]
[WhiteElo "1939"]
[BlackElo "2148"]
[PlyCount "83"]
[EventDate "2008.10.10"]
[EventType "tourn"]
[EventRounds "8"]
[EventCountry "RUS"]
[SourceTitle "EXT 2022"]
[Source "ChessBase"]
[SourceDate "2021.10.06"]
[SourceVersion "1"]
[SourceVersionDate "2021.10.06"]
[SourceQuality "1"]

1. e4 e5 2. Nf3 Nc6 3. Bc4 Bc5 4. 0-0 d6 5. h3 Nf6 6. d3 h6 7. Nc3 a6 8. Be3 Bd4 9. Bxd4 Nxd4 10. Nxd4 exd4 11. Ne2 c5 12. f4 0-0 13. f5 d5 14. exd5 Nxd5 15. Bxd5 Qxd5 16. Ng3 Bd7 17. Qd2 f6 18. Rf4 Rae8 19. c4 Qe5 20. Raf1 Qe3+ 21. Qxe3 Rxe3 22. R4f3 Rxf3 23. Rxf3 Bc6 24. Rf4 Re8 25. Ne4 Re5 26. Kf2 b5 27. b3 bxc4 28. bxc4 Bxe4 29. dxe4 Re7 30. Ke1 Rb7 31. Rf2 a5 32. Rc2 Kf7 33. Kd2 Ke7 34. Kd3 Kd6 35. h4 Ke5 36. g4 Rb4 37. g5 hxg5 38. hxg5 Ra4 39. gxf6 gxf6 40. Rb2 Ra3+ 41. Rb3 Rxb3+ 42. axb3 0-1

[Event "Dubna Cup Rating-A"]
[Site "Dubna"]
[Date "2008.07.18"]
[Round "9"]
[White "Brjuhin, Boris"]
[Black "Popov, Aleksander Xen"]
[Result "1/2-1/2"]
[WhiteElo "2133"]
[BlackElo "2071"]
[PlyCount "151"]
[EventDate "2008.07.12"]
[EventType "tourn"]
[EventRounds "11"]
[EventCountry "RUS"]
[SourceTitle "EXT 2022"]
[Source "ChessBase"]
[SourceDate "2021.10.06"]
[SourceVersion "1"]
[SourceVersionDate "2021.10.06"]
[SourceQuality "1"]

1. e4 g6 2. d4 Bg7 3. f4 c6 4. Nf3 d5 5. e5 Bg4 6. c3 e6 7. h3 Bxf3 8. Qxf3 h5 9. Bd3 Nh6 10. Be3 Nd7 11. Nd2 Bf8 12. 0-0 Be7 13. g4 hxg4 14. hxg4 Qb6 15. b4 0-0-0 16. Nb3 Rdg8 17. Kg2 Rg7 18. Rh1 Rgh7 19. g5 Nf5 20. Bf2 Qd8 21. Rxh7 Rxh7 22. Rh1 Rxh1 23. Kxh1 Qh8+ 24. Kg2 Nh4+ 25. Bxh4 Qxh4 26. Nc1 b5 27. Qg3 Qxg3+ 28. Kxg3 Nb6 29. Kg4 Na4 30. Ne2 Nb2 31. Bc2 Nc4 32. Kf3 Kd7 33. Kf2 a5 34. bxa5 Nxa5 35. Bd3 Nc4 36. Bxc4 dxc4 37. Ke3 Ba3 38. Kd2 Ke8 39. Kc2 Kd7 40. Ng3 c5 41. Ne4 cxd4 42. cxd4 Bb4 43. Kd1 Kc6 44. Ke2 Be7 45. Ke3 b4 46. Nf2 Kb5 47. Kd2 Ka4 48. Kc2 Ka3 49. Kb1 b3 50. axb3 Kxb3 51. Ne4 c3 52. Nd6 Bf8 53. Kc1 Be7 54. Kb1 Bd8 55. Ne4 Ba5 56. Nc5+ Kc4 57. Kc2 Bb6 58. Ne4 Bxd4 59. Nd6+ Kd5 60. Kd3 Bf2 61. Nxf7 Bg3 62. Nh8 Bxf4 63. Nxg6 Bxe5 64. Ne7+ Kd6 65. Nc8+ Kc5 66. Ne7 Bg7 67. Ng6 Kb4 68. Kc2 e5 69. Nh4 e4 70. Nf5 Be5 71. Ne3 Bh8 72. g6 Be5 73. Ng4 Bh8 74. Ne3 Kc5 75. Nd1 Kc4 76. Ne3+ 1/2-1/2

[Event "Dubna Cup Rating-A"]
[Site "Dubna"]
[Date "2008.07.15"]
[Round "6"]
[White "Vetokhin, Dmitry"]
[Black "Brjuhin, Boris"]
[Result "0-1"]
[WhiteElo "1882"]
[BlackElo "2133"]
[PlyCount "62"]
[EventDate "2008.07.12"]
[EventType "tourn"]
[EventRounds "11"]
[EventCountry "RUS"]
[SourceTitle "EXT 2022"]
[Source "ChessBase"]
[SourceDate "2021.10.06"]
[SourceVersion "1"]
[SourceVersionDate "2021.10.06"]
[SourceQuality "1"]

1. d4 d5 2. c4 e5 3. dxe5 d4 4. Nf3 Nc6 5. a3 Bg4 6. Nbd2 a5 7. h3 Bxf3 8. Nxf3 a4 9. e3 Bc5 10. exd4 Bxd4 11. Nxd4 Qxd4 12. Qxd4 Nxd4 13. Be3 Nc2+ 14. Kd2 Nxa1 15. Bd3 Nb3+ 16. Kc3 Ne7 17. Bc2 Nc6 18. Bxb3 axb3 19. Kxb3 0-0 20. Kc3 Nxe5 21. Bf4 f6 22. h4 Rfd8 23. Re1 Rd3+ 24. Kc2 Rad8 25. b3 Kf7 26. f3 c5 27. Re2 b6 28. Bc1 h5 29. Re4 R3d4 30. Re2 Rxh4 31. f4 Nc6 0-1

[Event "Kimry Rating op 38th"]
[Site "Kimry"]
[Date "2008.04.21"]
[Round "2"]
[White "Brjuhin, Boris"]
[Black "Markov, Mikhail1111"]
[Result "1-0"]
[WhiteElo "2120"]
[BlackElo "2014"]
[PlyCount "51"]
[EventDate "2008.04.20"]
[EventType "swiss"]
[EventRounds "7"]
[EventCountry "RUS"]
[SourceTitle "EXT 2022"]
[Source "ChessBase"]
[SourceDate "2021.10.06"]
[SourceVersion "1"]
[SourceVersionDate "2021.10.06"]
[SourceQuality "1"]

1. e4 e5 2. Bc4 Nf6 3. d4 exd4 4. Nf3 Bc5 5. Bg5 h6 6. Bxf6 Qxf6 7. 0-0 Nc6 8. c3 dxc3 9. Nxc3 d6 10. Nd5 Qd8 11. b4 Bxb4 12. Nxb4 Nxb4 13. Qb3 Nc6 14. Bxf7+ Ke7 15. Bd5 Qf8 16. Qc3 Bd7 17. Rab1 Rb8 18. Rfe1 Qf6 19. e5 dxe5 20. Bxc6 Bxc6 21. Nxe5 Kf8 22. Qc5+ Kg8 23. Nxc6 Rf8 24. Rxb7 Kh7 25. Qc2+ Kg8 26. Rxc7 1-0

[Event "Kimry-ch"]
[Site "Kimry"]
[Date "2008.01.07"]
[Round "7"]
[White "Brjuhin, Boris"]
[Black "Volkov, Sergey"]
[Result "0-1"]
[WhiteElo "2113"]
[BlackElo "2623"]
[PlyCount "60"]
[EventDate "2008.01.02"]
[EventType "swiss"]
[EventRounds "9"]
[EventCountry "RUS"]
[SourceTitle "CBM 122 Extra"]
[Source "ChessBase"]
[SourceDate "2008.03.04"]
[SourceVersion "1"]
[SourceVersionDate "2008.03.04"]
[SourceQuality "1"]

1. b4 c6 2. Bb2 Qb6 3. c3 d5 4. d4 Nf6 5. Nd2 Bf5 6. Nb3 Qc7 7. e3 e6 8. Bd3 Nbd7 9. a4 Bd6 10. f4 Nb6 11. a5 Nc4 12. Bxc4 dxc4 13. Nd2 Bd3 14. Nh3 g5 15. g3 Nd5 16. Kf2 gxf4 17. exf4 h5 18. Nf3 f6 19. Re1 Bf5 20. Nhg1 0-0-0 21. Nh4 Bg4 22. Qd2 Nxf4 23. Re3 Nd5 24. Re4 f5 25. Rxe6 f4 26. Rxd6 Qxd6 27. Re1 Rde8 28. Ngf3 Re3 29. gxf4 Rxe1 30. Qxe1 Nxf4 0-1

[Event "Kimry-ch"]
[Site "Kimry"]
[Date "2008.01.04"]
[Round "4"]
[White "Makhnev, Vladimir"]
[Black "Brjuhin, Boris"]
[Result "1-0"]
[WhiteElo "2282"]
[BlackElo "2113"]
[PlyCount "105"]
[EventDate "2008.01.02"]
[EventType "swiss"]
[EventRounds "9"]
[EventCountry "RUS"]
[SourceTitle "CBM 122 Extra"]
[Source "ChessBase"]
[SourceDate "2008.03.04"]
[SourceVersion "1"]
[SourceVersionDate "2008.03.04"]
[SourceQuality "1"]

1. e4 e5 2. Nf3 Nc6 3. Bc4 d6 4. d4 exd4 5. Nxd4 g6 6. Nc3 Bg7 7. Be3 Nf6 8. f3 Bd7 9. Qd2 a6 10. a4 h5 11. 0-0 h4 12. Rad1 Rb8 13. Bg5 Nxd4 14. Qxd4 Rh5 15. f4 Be6 16. Be2 Rxg5 17. fxg5 Nh5 18. Qe3 Be5 19. Bxh5 gxh5 20. Nd5 c6 21. Nf6+ Ke7 22. Qf2 h3 23. gxh3 h4 24. c3 b5 25. Ng4 Bg7 26. e5 bxa4 27. exd6+ Kf8 28. Nf6 Rb5 29. Qd2 Qa5 30. d7 Rxg5+ 31. Ng4 Rd5 32. Qf2 Qd8 33. Rxd5 cxd5 34. Qc5+ Kg8 35. Qd6 Qxd7 36. Qxd7 Bxd7 37. Nf6+ Bxf6 38. Rxf6 Bxh3 39. Rh6 Bf5 40. Rxh4 Bc2 41. Kf2 Kg7 42. Rb4 Bb3 43. Rb6 Bc4 44. Ke3 f6 45. Kf4 Kg6 46. Rd6 Kf7 47. h4 Ke7 48. Rb6 Be2 49. Ke3 Bd1 50. Rxa6 Kf7 51. Rd6 Bb3 52. Kf4 Kg6 53. h5+ 1-0

[Event "Dubna op"]
[Site "Dubna"]
[Date "2007.08.11"]
[Round "13"]
[White "Brjuhin, Boris"]
[Black "Rysbayeva, Korlan"]
[Result "0-1"]
[WhiteElo "2167"]
[BlackElo "2008"]
[PlyCount "116"]
[EventDate "2007.08.02"]
[EventType "swiss"]
[EventRounds "14"]
[EventCountry "RUS"]
[SourceTitle "EXT 2008"]
[Source "ChessBase"]
[SourceDate "2007.11.25"]
[SourceVersion "1"]
[SourceVersionDate "2007.11.25"]
[SourceQuality "1"]

1. e4 e5 2. Bc4 Nf6 3. d4 exd4 4. Nf3 d5 5. exd5 Bb4+ 6. c3 Qe7+ 7. Kf1 dxc3 8. Nxc3 0-0 9. Bg5 Qc5 10. Qd3 Bf5 11. Qd4 Nbd7 12. Be3 Qxd4 13. Nxd4 Bg6 14. Nf3 Nb6 15. Bb3 Bxc3 16. bxc3 Nfxd5 17. Bd4 Nf4 18. Ne5 Bf5 19. f3 Be6 20. g3 Bxb3 21. gxf4 Be6 22. Rg1 f6 23. Ng4 Kf7 24. Kf2 Rfe8 25. Ne3 Bd7 26. f5 Bc6 27. Rg3 Nd5 28. Rag1 Rg8 29. Ng4 Bb5 30. a4 Bc4 31. a5 Rae8 32. f4 Nxf4 33. Ne3 Bb5 34. c4 Bc6 35. a6 b6 36. Ng4 Ne2 37. Nxf6 Nxg3 38. Nxe8 Ne4+ 39. Ke3 Kxe8 40. Rxg7 Rxg7 41. Bxg7 Kf7 42. Be5 Nc5 43. Bxc7 Nxa6 44. Be5 Nc5 45. Bb8 a6 46. Bc7 Nd7 47. Kf4 a5 48. c5 b5 49. Bxa5 Nxc5 50. Ke5 Bf3 51. Bd2 Be2 52. Bg5 b4 53. Kd4 Na4 54. Bc1 b3 55. Ke3 Ba6 56. Kf4 b2 57. Bxb2 Nxb2 58. Kg5 Bd3 0-1

[Event "Dubna op"]
[Site "Dubna"]
[Date "2007.08.05"]
[Round "3"]
[White "Volodin, Alexey"]
[Black "Brjuhin, Boris"]
[Result "1-0"]
[WhiteElo "2311"]
[BlackElo "2167"]
[PlyCount "51"]
[EventDate "2007.08.02"]
[EventType "swiss"]
[EventRounds "14"]
[EventCountry "RUS"]
[SourceTitle "EXT 2008"]
[Source "ChessBase"]
[SourceDate "2007.11.25"]
[SourceVersion "1"]
[SourceVersionDate "2007.11.25"]
[SourceQuality "1"]

1. c4 e5 2. Nc3 Nc6 3. Nf3 g6 4. d4 f6 5. e4 exd4 6. Nxd4 d6 7. h4 h5 8. Be3 Bh6 9. f4 Nge7 10. Be2 f5 11. Nxc6 bxc6 12. 0-0 Bg7 13. Bd4 Bxd4+ 14. Qxd4 0-0 15. e5 c5 16. Qe3 dxe5 17. Rad1 Qe8 18. Qxc5 Qf7 19. Bf3 Rb8 20. Rfe1 Re8 21. Nd5 Nxd5 22. Bxd5 Be6 23. Rxe5 Bxd5 24. Qxd5 Qxd5 25. Rxe8+ Rxe8 26. Rxd5 1-0

[Event "Dubna"]
[Site "Dubna"]
[Date "2007.02.08"]
[Round "8"]
[White "Brjuhin, Boris"]
[Black "Karklin, Viacheslav"]
[Result "1-0"]
[WhiteElo "2159"]
[BlackElo "2218"]
[PlyCount "69"]
[EventDate "2007.01.11"]
[EventType "tourn"]
[EventRounds "9"]
[EventCountry "RUS"]
[SourceTitle "EXT 2010"]
[Source "ChessBase"]
[SourceDate "2010.11.25"]
[SourceVersion "1"]
[SourceVersionDate "2010.11.25"]
[SourceQuality "1"]

1. b4 d5 2. Bb2 Bg4 3. Nc3 Nf6 4. d4 e6 5. f3 Bf5 6. g4 Bg6 7. h4 h6 8. a3 Bd6 9. Kf2 c6 10. e3 Nbd7 11. Bd3 Bxd3 12. cxd3 a5 13. b5 Qb6 14. a4 c5 15. dxc5 Bxc5 16. d4 Bb4 17. Nge2 Ke7 18. Qd3 Rac8 19. Rac1 Bd6 20. g5 Nh5 21. f4 hxg5 22. hxg5 g6 23. Kf3 Ng7 24. Ng3 Rxh1 25. Rxh1 Nf5 26. Nxf5+ gxf5 27. Rh7 Nf8 28. Rh6 Qc7 29. Nxd5+ exd5 30. Qxf5 Qc4 31. Qf6+ Ke8 32. Qxd6 Qf1+ 33. Kg4 Qg2+ 34. Kf5 Qc2+ 35. Kf6 1-0